00489nam a2200193 a 4500001001300000003000900013005001700022008004100039020001000080082001500090100001800105245002500123260003800148300000900186500003500195505002300230650002400253700001800277nice12345678IN_TiNIC20260116012933.0050524s1990 dela grp 000 0 eng  ac20000a200.1bTRO aTrompf, Garry aIn Search of Origins aDelhibSterling Publishers c1990 a219p aincludes index and biblioraphy2 aIndex and Glossary aReligion-Philosophy1 aTrompf, Garry